[Event "Challenge"]
[Site "http://www.queenalice.com/game.php?id=1442377"]
[Date "2016.9.22"]
[Round "-"]
[White "Vin100"]
[Black "Bira"]
[Result "1-0"]
[WhiteElo "1568"]
[BlackElo "1573"]

1. e4 e5 2. Nf3 Nc6 3. c4 Nd4 4. Nxe5 Qg5 5. Nf3 Nxf3+ 6. Qxf3 d6 7. Nc3 Be6 8.
Nb5 Qc5 9. b3 h5 10. Ba3 Bg4 11. Bxc5 Bxf3 12. Nxc7+ Kd7 13. Nxa8 Bxe4 14. Bxa7
d5 15. d3 Bb4+ 16. Kd1 Nf6 17. dxe4 Rxa8 18. Bd4 Nxe4 19. Be3 Bc3 20. Rc1 Bb2
21. Rb1 Rxa2 22. Kc2 Ba1+ 23. Kd3 Bf6 24. f3 Nc5+ 25. Bxc5 dxc4+ 26. bxc4 Kc6
27. Bd4 Ra3+ 28. Ke4 Bxd4 29. Kxd4 b6 30. h4 f6 31. Bd3 g5 32. hxg5 1-0

[Event "Challenge"]
[Site "http://www.queenalice.com/game.php?id=1444850"]
[Date "2016.10.8"]
[Round "-"]
[White "Bira"]
[Black "Numimbala"]
[Result "0-1"]
[WhiteElo "1557"]
[BlackElo "1465"]

1. d4 a5 2. d5 d6 3. e4 Nd7 4. Bb5 a4 5. Bxd7+ Bxd7 6. Qd2 b6 7. Ne2 e5 8. O-O
Qf6 9. Qg5 c6 10. Qxf6 gxf6 11. Ng3 c5 12. c4 b5 13. Nd2 h5 14. Re1 h4 15. Ne2
Nh6 16. f3 f5 17. cxb5 Bxb5 18. a3 c4 19. Nb1 fxe4 20. fxe4 f5 21. Bxh6 Bxh6 22.
exf5 Be3+ 23. Kh1 Bd7 24. f6 Kf8 25. Nbc3 Bd2 26. Rf1 Bxc3 27. Nxc3 Kf7 28. b4
h3 29. g3 Rh7 30. Rac1 Rh5 31. Ne4 Kg6 32. Nxd6 Rf8 33. Nxc4 Rxf6 34. Rxf6+ Kxf6
35. Rf1+ Kg5 36. Re1 Kf6 37. Re4 Rf5 38. Kg1 Rf3 39. Rxe5 Rc3 40. Nb6 Rc1+ 41.
Kf2 Kxe5 42. Nxd7+ Kxd5 43. Nb6+ Ke4 44. Nxa4 Rh1 45. Nc3+ Kd3 46. Nd5 Ra1 47.
Nf4+ Kd2 48. Nxh3 Rxa3 49. Nf4 Kc3 50. h4 Kxb4 0-1

[Event "Challenge"]
[Site "http://www.queenalice.com/game.php?id=1444851"]
[Date "2016.10.8"]
[Round "-"]
[White "Bira"]
[Black "Numimbala"]
[Result "0-1"]
[WhiteElo "1592"]
[BlackElo "1523"]

1. Nf3 a5 2. e4 f6 3. Bc4 c6 4. Bxg8 Rxg8 5. e5 e6 6. d4 f5 7. Bg5 Be7 8. Bxe7
Qxe7 9. Qd2 c5 10. Qg5 cxd4 11. Qxe7+ Kxe7 12. Nxd4 Na6 13. O-O d6 14. exd6+
Kxd6 15. Re1 Kd5 16. Rd1 e5 17. Nxf5+ Ke6 18. Nd6 Rd8 19. Nc3 Rxd6 20. Rxd6+
Kxd6 21. Rd1+ Ke6 22. Ne4 Ke7 23. Nd6 Ke6 24. Ne4 Ke7 25. c3 Bf5 26. Nd6 Be6 27.
b3 Rd8 28. b4 Rxd6 29. Rxd6 Kxd6 30. a3 axb4 31. cxb4 g5 32. g3 Kd5 33. b5 Nc7
34. b6 Na6 35. a4 Kc5 36. h4 h6 37. hxg5 hxg5 0-1

[Event "OS INCLIVEIS"]
[Site "http://www.queenalice.com/game.php?id=1448080"]
[Date "2016.11.4"]
[Round "-"]
[White "adelio"]
[Black "Bira"]
[Result "1-0"]
[WhiteElo "1528"]
[BlackElo "1499"]

1. d4 d5 2. e4 e6 3. e5 Bb4+ 4. c3 Be7 5. Be2 Bd7 6. Nf3 f6 7. h4 h5 8. Nbd2 Nc6
9. Nf1 f5 10. Ng5 Bxg5 11. hxg5 h4 12. Bh5+ Kf8 13. Rxh4 Na5 14. g3 b6 15. Qf3
g6 16. Bxg6 Rxh4 17. gxh4 Qe7 18. h5 Nc4 19. h6 Nxh6 20. gxh6 Qh4 21. Qh5 Qxh5
22. Bxh5 Ke7 23. Bg5+ Kf8 24. Ng3 Be8 25. Ke2 Nxb2 26. Rh1 Bxh5+ 27. Nxh5 Nc4
28. h7 Kf7 29. Bf6 a5 30. h8=Q Rxh8 31. Bxh8 a4 32. Nf6 Na3 33. Rh7+ Kg6 34.
Rxc7 Nb5 35. Rc6 a3 36. Rxe6 Nxc3+ 37. Kd3 Nxa2 38. Nxd5+ Kf7 39. Rxb6 Nc1+ 40.
Ke3 a2 41. Ra6 f4+ 42. Kd2 a1=Q 43. Rxa1 Nb3+ 44. Ke2 Nxd4+ 45. Kd3 Nb3 46. Ra7+
Ke6 47. Nxf4+ Kf5 48. Rf7+ Kg5 49. Ne6+ Kg6 50. Rf6+ Kh5 51. f4 Nc5+ 52. Nxc5
Kg4 53. Ne6 Kh5 54. Ng7+ Kh4 55. e6 Kg4 56. e7 Kf3 57. e8=Q Kf2 58. Qe2+ 1-0

[Event "OS INCLIVEIS"]
[Site "http://www.queenalice.com/game.php?id=1448081"]
[Date "2016.11.4"]
[Round "-"]
[White "Bira"]
[Black "adelio"]
[Result "0-1"]
[WhiteElo "1518"]
[BlackElo "1629"]

1. Nf3 c5 2. d4 e6 3. Bg5 f6 4. Be3 d6 5. dxc5 Nc6 6. cxd6 Bxd6 7. a3 Nge7 8.
Nd4 Nxd4 9. Bxd4 Nf5 10. e3 Bd7 11. Bd3 Nxd4 12. exd4 Bc6 13. Qg4 Qe7 14. O-O
O-O-O 15. Bc4 f5 16. Qe2 Rhe8 17. Re1 Qg5 18. g3 Qg6 19. Bxe6+ Kb8 20. Qc4 Re7
21. d5 Bd7 22. Nc3 f4 23. g4 f3 24. h3 Rc8 25. Qd3 Rf8 26. Qxg6 hxg6 27. Bxd7
Rxd7 28. Ne4 Be7 29. g5 Rxd5 30. h4 Rf4 31. Nc3 Rd7 32. Re4 Rf7 33. Rae1 Bd8 34.
Re8 a6 35. Ne4 Kc7 36. Re5 b6 37. b4 Rf4 38. Nd2 Rxd2 39. Re6 Rxc2 40. Rxg6 Rxh4
41. Rxg7+ Kb8 42. Rd1 Bc7 43. Rf7 Rc3 44. g6 Rg4+ 45. Kf1 Rxg6 46. Re1 Rxa3 47.
Rxf3 Rxf3 0-1

[Event "Challenge"]
[Site "http://www.queenalice.com/game.php?id=1455550"]
[Date "2016.12.19"]
[Round "-"]
[White "Bira"]
[Black "Numimbala"]
[Result "0-1"]
[WhiteElo "1537"]
[BlackElo "1460"]

1. e4 Nc6 2. d4 d6 3. d5 Ne5 4. f4 Ng4 5. h3 N4h6 6. f5 c6 7. Bxh6 gxh6 8. dxc6
bxc6 9. h4 Nf6 10. Nc3 h5 11. Be2 Bh6 12. Nf3 Qb6 13. Na4 Qa5+ 14. c3 Nxe4 15.
b4 Qxf5 16. Nd4 Qf2# 0-1

[Event "Challenge"]
[Site "http://www.queenalice.com/game.php?id=1455551"]
[Date "2016.12.19"]
[Round "-"]
[White "Numimbala"]
[Black "Bira"]
[Result "0-1"]
[WhiteElo "1483"]
[BlackElo "1491"]

1. h4 h5 2. Nh3 d5 3. e3 Bxh3 4. gxh3 d4 5. Bg2 c6 6. b4 e5 7. d3 Bxb4+ 8. Bd2
Bxd2+ 9. Qxd2 c5 10. Bxb7 Nd7 11. Bxa8 Qxa8 12. Rg1 g6 13. Na3 Nh6 14. Nc4 Ke7
15. exd4 cxd4 16. Qe2 a5 17. Nxe5 Re8 18. Nxg6+ Kd6 19. Qxe8 Qxe8+ 20. Kf1 Qe6
21. Nf4 Qf5 22. Ne2 Qxh3+ 23. Ke1 Ne5 24. Kd1 Nf3 25. c3 Nxg1 26. Kd2 Nxe2 27.
Kxe2 dxc3 28. Rc1 Qxh4 29. Rxc3 Qg4+ 30. Ke1 Qe6+ 31. Kd2 Qxa2+ 32. Rc2 Qd5 33.
Rc8 Qg5+ 34. Kc3 Qc1+ 35. Kd4 Qxc8 36. f4 f5 37. Ke3 a4 0-1

[Event "Challenge"]
[Site "http://www.queenalice.com/game.php?id=1455677"]
[Date "2016.12.20"]
[Round "-"]
[White "Vin100"]
[Black "Bira"]
[Result "0-1"]
[WhiteElo "1573"]
[BlackElo "1471"]

1. e4 e5 2. Nf3 d5 3. exd5 Qxd5 4. c4 Qe4+ 5. Be2 Bg4 6. Nc3 Qf5 7. h3 Bxf3 8.
g4 Bxe2 9. Qxe2 Qd7 10. Qxe5+ Qe7 11. d4 Nc6 12. Qxe7+ Bxe7 13. Bf4 O-O-O 14.
Be3 Bb4 15. a3 Bxc3+ 16. bxc3 Na5 17. c5 Re8 18. O-O Nc4 19. Bc1 Nf6 20. f3 Nd5
21. a4 a5 22. f4 Nce3 23. Bxe3 Rxe3 24. c4 Nb4 25. h4 Rg3+ 26. Kh2 Rxg4 27. Kh3
h5 28. d5 Re8 29. d6 Re3+ 30. Kh2 Rxh4+ 31. Kg2 Re2+ 32. Kg3 Rhh2 33. Rad1 h4+
34. Kg4 h3 35. Rf3 Re4 36. d7+ Kd8 37. Rdf1 Rxc4 38. Rxh3 Rxh3 39. Kxh3 Rxc5 40.
Rd1 Rd5 41. Rg1 g6 42. Rf1 Kxd7 0-1

[Event "Challenge"]
[Site "http://www.queenalice.com/game.php?id=1455678"]
[Date "2016.12.20"]
[Round "-"]
[White "Bira"]
[Black "Vin100"]
[Result "0-1"]
[WhiteElo "1484"]
[BlackElo "1554"]

1. e4 e5 2. d4 exd4 3. Qxd4 c5 4. Qe5+ Qe7 5. Qxe7+ Bxe7 6. Nf3 f6 7. e5 Nc6 8.
Nc3 Nxe5 9. Nxe5 fxe5 10. Nd5 Bd6 11. Be2 Nf6 12. Bf3 e4 13. Nxf6+ gxf6 14. Bxe4
O-O 15. Bh6 Re8 16. f3 Re5 17. O-O-O Rh5 18. Bd5+ Kh8 19. Be3 Rb8 20. Bf7 Re5
21. Bf4 Kg7 22. Bxe5 Bxe5 23. Bd5 b5 24. g3 d6 25. f4 Bd4 26. Rhe1 Bg4 27. Re7+
Kg6 28. Be4+ f5 29. Bxf5+ Bxf5 30. Rxa7 Bg4 31. Re1 c4 32. Re4 Bxa7 33. Re6+
Bxe6 34. h4 Bd4 35. c3 Bf2 0-1

[Event "Challenge"]
[Site "http://www.queenalice.com/game.php?id=1456932"]
[Date "2016.12.28"]
[Round "-"]
[White "Bira"]
[Black "Numimbala"]
[Result "1-0"]
[WhiteElo "1524"]
[BlackElo "1506"]

1. h4 e6 2. h5 c6 3. e4 g6 4. Be2 Bc5 5. d4 Bb4+ 6. c3 Ba5 7. b4 Bc7 8. Nf3 a5
9. hxg6 fxg6 10. Bg5 Ne7 11. e5 axb4 12. c4 h6 13. Bf6 Rf8 14. Nh4 Rg8 15. Qd3
Ba5 16. O-O Kf7 17. Bxe7 Qxe7 18. g3 d5 19. c5 g5 20. Bh5+ Kf8 21. Qf3+ Kg7 22.
Ng6 Qf7 23. Qxf7+ Kxf7 24. Nf4+ Kg7 25. Ng6 Re8 26. Nd2 Bd8 27. f4 Nd7 28. f5
Nf8 29. Nxf8 Rxf8 30. f6+ Kh8 31. f7 Ra6 32. Nb3 b6 33. a4 Ra8 34. Rf2 bxc5 35.
Nxc5 Bb6 36. Nb3 Bd7 37. a5 Ba7 38. Nc5 Bxc5 39. dxc5 b3 40. Bd1 Rab8 41. a6 b2
42. Rb1 Rb5 43. Rf6 Kg7 44. a7 Ra5 45. Rxb2 Ra1 46. Rb8 Rxa7 47. Rxf8 Kxf8 48.
Kf2 Ra5 49. Bh5 Rxc5 50. Rxh6 Kg7 51. Rh7+ Kxh7 52. f8=Q d4 53. Qxc5 Kh6 54. g4
d3 55. Qf8+ Kh7 56. Qd6 1-0

[Event "Challenge"]
[Site "http://www.queenalice.com/game.php?id=1456933"]
[Date "2016.12.28"]
[Round "-"]
[White "Bira"]
[Black "Numimbala"]
[Result "1-0"]
[WhiteElo "1507"]
[BlackElo "1523"]

1. d4 e6 2. e3 d5 3. Be2 Nf6 4. Nf3 Bd6 5. Bb5+ c6 6. Bd3 h6 7. O-O c5 8. Bb5+
Bd7 9. Bxd7+ Qxd7 10. a4 a5 11. b3 b6 12. Ba3 Ng4 13. g3 cxd4 14. exd4 Bxa3 15.
Rxa3 b5 16. Ra1 b4 17. Ne5 Nxe5 18. dxe5 f6 19. exf6 gxf6 20. Qh5+ Qf7 21. Qxf7+
Kxf7 22. Nd2 Nd7 23. c4 Ne5 24. cxd5 exd5 25. h3 Rac8 26. Rac1 Rce8 27. Rc5 h5
28. Rxd5 Rhg8 29. f4 Rxg3+ 30. Kh2 Rc3 31. fxe5 Ke6 32. Rxa5 fxe5 33. Re1 Kf6
34. Ne4+ Kf5 35. Nxc3 bxc3 36. Rc5 Rd8 37. Rexe5+ Kf6 38. Red5 Re8 39. Rc6+ Ke7
40. a5 Rf8 41. Kg2 Rg8+ 42. Kf3 h4 43. Kf4 Rg3 44. a6 c2 45. Rxc2 Ke6 46. a7 Rg8
47. Rb5 Ra8 48. Ra5 Rf8+ 49. Ke4 Kd7 50. a8=Q Rxa8 51. Rxa8 Ke6 52. Rc6+ Kf7 53.
Ra7+ 1-0

[Event "Challenge"]
[Site "http://www.queenalice.com/game.php?id=1457926"]
[Date "2017.1.4"]
[Round "-"]
[White "chessplayer123"]
[Black "Bira"]
[Result "1-0"]
[WhiteElo "1728"]
[BlackElo "1506"]

1. e4 e5 2. Nf3 d6 3. Bc4 Bg4 4. d3 Bxf3 5. Qxf3 Qf6 6. Qg3 h6 7. Nc3 c6 8. a3
b5 9. Ba2 h5 10. h4 Nd7 11. Bg5 Qg6 12. Qf3 f6 13. Be3 a5 14. d4 Qg4 15. Qxg4
hxg4 16. g3 a4 17. d5 cxd5 18. Bxd5 Ra5 19. Be6 Ke7 20. Bxg4 g5 21. Nd5+ Ke8 22.
Bf5 Kf7 23. Bxd7 g4 24. Bxg4 Ne7 25. Nxe7 Kxe7 26. Bf5 Bh6 27. Bxh6 Rxh6 28. Ke2
Ra8 29. g4 Rc8 30. Bxc8 1-0

[Event "Challenge"]
[Site "http://www.queenalice.com/game.php?id=1467056"]
[Date "2017.3.1"]
[Round "-"]
[White "Bira"]
[Black "Numimbala"]
[Result "1-0"]
[WhiteElo "1539"]
[BlackElo "1511"]

1. h4 e6 2. h5 g6 3. hxg6 h6 4. gxf7+ Kxf7 5. e4 Nc6 6. Qh5+ Ke7 7. d3 e5 8. Nf3
d6 9. Qh4+ Nf6 10. a3 h5 11. Bg5 Kf7 12. Bxf6 Be7 13. Bxe7 Nxe7 14. Ng5+ Kg6 15.
Nf3 Kg7 16. Nc3 Ng6 17. Qxd8 Rxd8 18. g3 Kh6 19. g4 Bxg4 20. Nd2 c6 21. Bh3 Bd7
22. Bxd7 Rxd7 23. Nf3 Nf4 24. Kf1 Rg8 25. Nh4 d5 26. exd5 cxd5 27. f3 Kg5 28.
Rg1+ Kxh4 29. Rxg8 d4 30. Ne4 Rc7 31. c4 Rf7 32. Kf2 Nh3+ 33. Ke2 Nf4+ 34. Kd2
Ne6 35. Rh1# 1-0

[Event "Challenge"]
[Site "http://www.queenalice.com/game.php?id=1471268"]
[Date "2017.3.31"]
[Round "-"]
[White "Bira"]
[Black "Numimbala"]
[Result "1-0"]
[WhiteElo "1576"]
[BlackElo "1464"]

1. e3 e6 2. d4 c5 3. dxc5 Bxc5 4. Nf3 Qa5+ 5. Qd2 b6 6. Qxa5 Nc6 7. Qc3 Bf8 8.
Bb5 Bb4 9. Qxb4 Nxb4 10. O-O Nxc2 11. Bd3 Nxa1 12. Na3 Bb7 13. Nh4 a6 14. Bd2 g5
15. Bc3 gxh4 16. Bxh8 h3 17. gxh3 Rc8 18. Nc4 Ke7 19. Rxa1 a5 20. Nxb6 Rc6 21.
Nc4 Ba6 22. Ne5 Rd6 23. Bxa6 Rxa6 24. Bg7 a4 25. a3 d6 26. Nc4 f6 27. Rd1 d5 28.
Nd2 Kf7 29. Bxf6 Nxf6 30. Rc1 1-0

[Event "Challenge"]
[Site "http://www.queenalice.com/game.php?id=1471269"]
[Date "2017.3.31"]
[Round "-"]
[White "Numimbala"]
[Black "Bira"]
[Result "0-1"]
[WhiteElo "1477"]
[BlackElo "1563"]

1. e3 e5 2. g3 e4 3. f3 exf3 4. Qxf3 Qf6 5. Bc4 Qxf3 6. Nxf3 a6 7. Ng5 Nh6 8.
Rf1 f6 9. Ne4 b5 10. Bb3 Bb7 11. Nc5 Bxc5 12. d4 Bb4+ 13. Bd2 Bxd2+ 14. Kxd2 Ng4
15. h3 Nh2 16. Rf2 Ng4 17. hxg4 h5 18. Rh2 g6 19. Nc3 Bf3 20. Rf2 Bxg4 21. Rxf6
Bf5 22. Nd5 Ra7 23. g4 Be4 24. Rxg6 Bxg6 25. Nf6+ Kf8 26. Rf1 Kg7 27. c4 Rf8 28.
g5 c6 29. d5 b4 0-1

[Event "Challenge"]
[Site "http://www.queenalice.com/game.php?id=1474986"]
[Date "2017.4.24"]
[Round "-"]
[White "Bira"]
[Black "mvson33"]
[Result "1-0"]
[WhiteElo "1554"]
[BlackElo "1835"]

1. e4 e5 2. d3 Be7 3. Nf3 Nc6 4. d4 exd4 5. Nxd4 Nxd4 6. Qxd4 Bf6 7. e5 Qe7 8.
f4 d6 9. Be2 dxe5 10. fxe5 Bg5 11. Bd2 Bxd2+ 12. Nxd2 Bf5 13. O-O-O a6 14. Bf3
Rb8 15. Qa7 Qd8 16. Bxb7 Ne7 17. Nb3 Qxd1+ 18. Rxd1 O-O 19. Bxa6 Ng6 20. Bd3
Bxd3 21. Rxd3 Nxe5 22. Rg3 c6 23. Qc7 Rfe8 24. Re3 f6 25. Nd2 Rbc8 26. Qb6 c5
27. Nf3 Nc4 28. Rxe8+ Rxe8 29. Qxc5 Ne5 30. Nxe5 fxe5 31. Qc6 Kf8 32. a4 e4 33.
Kd2 e3+ 34. Ke2 Kf7 35. a5 1-0

[Event "Challenge"]
[Site "http://www.queenalice.com/game.php?id=1474987"]
[Date "2017.4.24"]
[Round "-"]
[White "mvson33"]
[Black "Bira"]
[Result "1-0"]
[WhiteElo "1793"]
[BlackElo "1581"]

1. e4 e5 2. Nf3 d6 3. Bc4 Bg4 4. Nc3 Nc6 5. h3 Bxf3 6. Qxf3 Qf6 7. Qxf6 Nxf6 8.
O-O Nd4 9. a3 Nxc2 10. Rb1 O-O-O 11. Bb3 Nd4 12. Ba2 Nh5 13. Bxf7 Nf4 14. Rd1
Nde2+ 15. Nxe2 Nxe2+ 16. Kf1 Rd7 17. Bc4 Nd4 18. d3 a6 19. Be3 b5 20. Ba2 Be7
21. Bxd4 exd4 22. Be6 Rf8 23. Bxd7+ Kxd7 24. Rd2 Bg5 25. Rc2 c5 26. g3 Rf3 27.
Ke2 Be3 28. fxe3 Rxe3+ 29. Kd2 Rxg3 30. Rh1 Rg2+ 31. Kd1 Rxc2 32. Kxc2 d5 33.
exd5 Kd6 34. Rg1 g6 35. Rg5 c4 36. dxc4 bxc4 37. b3 c3 38. Kd3 a5 39. Rg4 Ke5
40. Rxd4 h5 41. Kxc3 g5 42. d6 1-0

[Event "Challenge"]
[Site "http://www.queenalice.com/game.php?id=1475233"]
[Date "2017.4.25"]
[Round "-"]
[White "WLAO"]
[Black "Bira"]
[Result "1-0"]
[WhiteElo "1663"]
[BlackElo "1573"]

1. b3 d5 2. d3 e6 3. Nf3 Be7 4. Bf4 Bd6 5. Bxd6 Qxd6 6. g3 Qb4+ 7. c3 Qd6 8. d4
b5 9. Ne5 f6 10. Nf3 b4 11. Bg2 bxc3 12. Nxc3 e5 13. dxe5 fxe5 14. Nh4 d4 15.
Bxa8 dxc3 16. Qc2 Qd2+ 17. Qxd2 cxd2+ 18. Kxd2 Nf6 19. Rhd1 O-O 20. Ke1 Ng4 21.
Bg2 Nxh2 22. Rac1 c6 23. Rd6 Ng4 24. Bf3 g6 25. Bxg4 Bxg4 26. f3 Bd7 27. Rc5 Bh3
28. Rxe5 1-0

[Event "OS INCLIVEIS"]
[Site "http://www.queenalice.com/game.php?id=1479987"]
[Date "2017.5.28"]
[Round "-"]
[White "adelio"]
[Black "Bira"]
[Result "0-1"]
[WhiteElo "1526"]
[BlackElo "1588"]

1. d4 e6 2. c4 Bb4+ 3. Nc3 Bxc3+ 4. bxc3 Nf6 5. Nf3 d5 6. Ng5 h6 7. Nxf7 Kxf7 8.
e3 a5 9. Be2 h5 10. g4 h4 11. g5 Ne4 12. O-O Nxc3 13. Bh5+ g6 14. Qf3+ Kg7 0-1

[Event "Challenge"]
[Site "http://www.queenalice.com/game.php?id=1481673"]
[Date "2017.6.9"]
[Round "-"]
[White "Bira"]
[Black "adelio"]
[Result "0-1"]
[WhiteElo "1602"]
[BlackElo "1534"]

1. d4 d5 2. e3 c5 3. Bb5+ Nc6 4. Bxc6+ bxc6 5. dxc5 e5 6. e4 Bxc5 7. exd5 Bxf2+
8. Kxf2 cxd5 9. h4 Qb6+ 10. Kf1 Ba6+ 11. Ne2 Ne7 12. b3 O-O 13. Nc3 Rac8 14. Na4
Qb5 15. Kf2 f5 16. Bg5 Nc6 17. Be3 d4 18. c4 dxe3+ 19. Kxe3 f4+ 20. Kf2 Qb8 21.
Nc5 Qb6 22. Qd5+ Kh8 23. Kf1 Nb4 24. Nd7 Nxd5 25. Nxb6 Nxb6 26. Kf2 Nxc4 27.
Rac1 Ne3 28. Rxc8 Bxc8 29. Nc3 Bb7 30. Nd1 Nxg2 31. Rh3 f3 0-1

[Event "Challenge"]
[Site "http://www.queenalice.com/game.php?id=1481847"]
[Date "2017.6.10"]
[Round "-"]
[White "WLAO"]
[Black "Bira"]
[Result "1-0"]
[WhiteElo "1547"]
[BlackElo "1583"]

1. b3 Nf6 2. d3 h6 3. Bb2 e6 4. Bxf6 Qxf6 5. c3 d5 6. Nf3 e5 7. g3 g5 8. Bg2 Qc6
9. Nxe5 Qd6 10. d4 Bg7 11. Nxf7 Kxf7 12. Qd3 Re8 13. Qf3+ Kg8 14. O-O Qf6 15.
Qxd5+ Kh8 16. e4 c6 17. Qc5 Bf8 18. Qc4 b5 19. Qd3 Be6 20. e5 Bf5 21. Qf3 g4 22.
Qf4 Qg5 23. Qxg5 hxg5 24. Nd2 Nd7 25. Bxc6 Rad8 26. Bxb5 Bg7 27. Nc4 Nb6 28.
Bxe8 Rxe8 29. Nxb6 axb6 30. a4 Bf8 31. a5 Bd3 32. Rfd1 Bc2 33. Rdc1 Bxb3 34.
axb6 Bd5 35. Ra7 Ra8 36. Rd7 1-0

[Event "Challenge"]
[Site "http://www.queenalice.com/game.php?id=1483383"]
[Date "2017.6.23"]
[Round "-"]
[White "Bira"]
[Black "Nuzzera"]
[Result "0-1"]
[WhiteElo "1566"]
[BlackElo "1480"]

1. Nf3 e6 2. e3 Qf6 3. e4 Nc6 4. d4 d5 5. e5 Qf5 6. Qd3 Qe4+ 7. Qxe4 dxe4 8.
Nfd2 Nxd4 9. Bd3 exd3 10. Na3 Bxa3 11. b3 Nxc2+ 12. Kd1 Bxc1 13. Rxc1 Nb4 14. a3
Na2 15. Rxc7 a5 16. Ne4 Kd8 17. Rc4 Bd7 18. Kd2 Bb5 19. Rd4+ Ke7 20. Nd6 Bc6 21.
Nc4 Bxg2 22. Ra1 Rd8 23. Rd6 Be4 24. Rxa2 b5 25. Nxa5 Rxd6 26. exd6+ Kxd6 27.
Nb7+ Bxb7 28. Ra1 Be4 29. b4 Nf6 0-1